[Event "BL 2017-18"]
[Site "Germany"]
[Date "2018.04.30"]
[Round "14"]
[White "Dinstuhl, Volkmar"]
[Black "Nyback, Tomi"]
[Result "0-1"]
[WhiteElo "2384"]
[BlackElo "2576"]
[Annotator "TA"]
[PlyCount "62"]
[EventDate "2018.05.24"]
[EventType "team-tourn"]
[EventCountry "GER"]
[SourceTitle "playchess.com"]
[Source "ChessBase"]
[SourceQuality "1"]
[WhiteTeam "Muelheim"]
[BlackTeam "Werder Bremen"]

{[%evp 17,62,2,6,-21,-21,-34,-11,-14,-9,-33,-22,-25,-23,-67,-69,-74,-70,-70,-73,-99,-90,-89,-77,-118,-118,-119,-118,-125,-126,-129,-125,-168,-160,-208,-208,-205,-204,-208,-203,-349,-338,-352,-149,-138,-150,-151,-151]} 1. Nf3 d5 2. e3 Nf6 3. c4 c6 4. b3 Bg4 5. Bb2 e6 6. Be2 Nbd7 7. O-O Bd6 8. d4 Ne4 9. Nbd2 {A12: English Opening: 1...c6 with b3 by White} (9. Nfd2 Bxe2 10. Qxe2 O-O 11. Nxe4 dxe4 12. Ba3 Bxa3 13. Nxa3 f5 14. c5 e5 15. Qc4+ Kh8 16. d5 Qh4 17. dxc6 bxc6 {0-1 (27) Alekseev,E (2616)-Al Sayed,M (2511) Riadh 2017}) 9... f5 {LiveBook: 6 Games} 10. cxd5 exd5 11. Ne5 {The position is equal.} Bxe2 (11... Nxd2 {seems wilder.} 12. Qxd2 Bxe2 13. Qxe2 O-O 14. Nd3 Qe7) 12. Qxe2 O-O 13. f3 $146 ({Predecessor:} 13. Ndf3 Ndf6 14. Ne1 Ng5 15. N1d3 Ne6 16. Rac1 Ne4 {0-1 (57) Palacios de la Prida,E (2285)-Corral Blanco,J (2360) Spain 1990}) 13... Nxd2 14. Qxd2 Qe7 {[%cal Rd7e5]} 15. Nxd7 Qxd7 16. a4 Qe7 17. Rae1 Rae8 18. g3 Rf6 {[%cal Bf8f6,Bf6e6,Be6e3][%mdl 32]} 19. Bc3 Re6 {[%cal Re6e3]} 20. Qd3 Rxe3 21. Qxf5 Qf7 22. Qc2 Rxe1 23. Bxe1 Re3 24. Kg2 {[#]} Qg6 $1 {[%cal Rg6c2]} 25. Qc1 Rxb3 26. a5 a6 27. Rf2 h6 28. Bc3 (28. Qd1 $142 Rb1 29. Qe2) 28... Qd3 $19 29. Qe1 Rxc3 (29... Kf7 $19 30. Bb2 Bb4) 30. Qe6+ $17 Kh7 31. Qxd6 Qxd4 {Precision: White = 30%, Black = 76%.} 0-1

[Event "BL 2017-18"]
[Site "Germany"]
[Date "2018.04.30"]
[Round "14"]
[White "Hoffmann, Paul"]
[Black "Lauber, Arnd"]
[Result "0-1"]
[WhiteElo "2371"]
[BlackElo "2434"]
[Annotator "TA"]
[PlyCount "64"]
[EventDate "2018.05.24"]
[EventType "team-tourn"]
[EventCountry "GER"]
[SourceTitle "playchess.com"]
[Source "ChessBase"]
[SourceQuality "1"]
[WhiteTeam "Dresden"]
[BlackTeam "SFR Berlin"]

{[%evp 30,64,0,0,0,0,0,-14,-26,-56,-55,-96,-100,-137,-109,-122,-122,-121,-93,-120,-105,-165,-142,-142,-135,-266,-250,-250,-208,-349,-348,-355,-343,-414,-413,-385,-374]} 1. e4 c6 2. d4 d5 3. Nc3 dxe4 4. Nxe4 Bf5 5. Ng3 Bg6 6. h4 h6 7. Nf3 Nf6 8. h5 Bh7 9. Bd3 Bxd3 10. Qxd3 e6 11. Bf4 Bd6 12. Bxd6 Qxd6 13. O-O-O {B19: Classical Caro-Kann: 4...Bf5 main line} O-O (13... Nbd7 14. Qe2 O-O 15. Ne5 Qc7 16. Rhe1 Rad8 17. f4 c5 18. dxc5 Nxc5 19. Qc4 Rc8 20. Kb1 Qb6 {0-1 (42) Polgar,J (2686)-Ivanchuk,V (2764) Mexico City 2010}) 14. Kb1 Nbd7 15. Ne4 Nxe4 16. Qxe4 {LiveBook: 15 Games} Rad8 17. c3 $146 ({Predecessor:} 17. Qe2 c5 18. g4 cxd4 19. Rxd4 Qb6 20. g5 e5 {0-1 (83) Stanojoski,Z (2458)-Svetushkin,D (2514) Kavala 2005}) 17... Nf6 {[%cal Bd7f6,Bf6h5,Bh5f4][%mdl 32]} 18. Qe2 Qd5 19. Rh4 Nxh5 20. Rdh1 {[#]} Qf5+ $1 21. Ka1 Nf4 22. Qd2 {[#]} Ng6 $1 {[%cal Rg6h4]} 23. Rh5 Qf4 24. Qe2 Rd5 25. R5h2 (25. Rxd5 $17 cxd5 26. Qd3) 25... Rfd8 26. g3 Qg4 27. Qe3 {[#]} (27. Ng1 $17 {was worth a try.} Qxe2 28. Nxe2) 27... c5 $1 {[%mdl 512]} 28. a3 (28. dxc5 Rd1+) 28... Rf5 29. Ne5 (29. Nh4 {was necessary.} cxd4 30. cxd4) 29... Nxe5 $19 ({Weaker is} 29... cxd4 30. Qxh6 gxh6 31. Nxg4 $17) 30. dxe5 Rd1+ 31. Rxd1 Qxd1+ 32. Ka2 Qd5+ {Precision: White = 22%, Black = 66%.} 0-1

[Event "BL 2017-18"]
[Site "Germany"]
[Date "2018.04.30"]
[Round "14"]
[White "Zeller, Frank"]
[Black "Demuth, Adrien"]
[Result "1/2-1/2"]
[WhiteElo "2368"]
[BlackElo "2558"]
[Annotator "TA"]
[PlyCount "40"]
[EventDate "2018.05.24"]
[EventType "team-tourn"]
[EventCountry "GER"]
[SourceTitle "playchess.com"]
[Source "ChessBase"]
[SourceQuality "1"]
[WhiteTeam "Schwaebisch Hall"]
[BlackTeam "SF Deizisau"]

{[%evp 22,40,-10,0,-9,-15,0,-41,-34,-27,-31,-37,41,40,62,60,56,63,63,44,63]} 1. e4 c5 2. Nf3 d6 3. d4 cxd4 4. Nxd4 Nf6 5. Nc3 Nc6 6. Bc4 e6 7. Be3 a6 8. f4 {[%cal Bf2f4,Bf4f5][%mdl 32]} Qc7 9. Bb3 Na5 10. Qf3 b5 {[%cal Bb7b5,Bb5b4][%mdl 32] B88: Sicilian: Sozin Attack} 11. f5 e5 (11... Nxb3 12. cxb3 Qb7 13. fxe6 fxe6 14. O-O Be7 15. e5 Qxf3 16. Nxf3 dxe5 17. Nxe5 Bb7 18. Rad1 {½-½ (84) Delchev,A (2586)-Vovk,A (2632) Wunsiedel 2016}) 12. Nde2 {LiveBook: 3 Games} Bb7 {The position is equal.} 13. O-O Be7 14. Rad1 $146 ({Predecessor:} 14. Nd5 Bxd5 15. Bxd5 Nxd5 16. exd5 Nc4 17. Bc1 Bf6 18. Ng3 Rc8 19. Ne4 {0-1 (79) Skovgaard,T (2030)-L'Ami,E (2301) ICC INT 2000}) 14... Nxb3 15. cxb3 b4 16. Nd5 Nxd5 (16... Bxd5 $1 $15 17. exd5 Qa5) 17. exd5 $14 {White is slightly better.} O-O 18. Qg4 {[#] And now f6 would win.} f6 19. Qxb4 a5 20. Qd2 a4 1/2-1/2

[Event "BL 2017-18"]
[Site "Germany"]
[Date "2018.04.30"]
[Round "14"]
[White "Rezasade, Amir"]
[Black "Werle, Jan"]
[Result "0-1"]
[WhiteElo "2354"]
[BlackElo "2532"]
[Annotator "TA"]
[PlyCount "58"]
[EventDate "2018.05.24"]
[EventType "team-tourn"]
[EventCountry "GER"]
[SourceTitle "playchess.com"]
[Source "ChessBase"]
[SourceQuality "1"]
[WhiteTeam "Muelheim"]
[BlackTeam "Werder Bremen"]

{[%evp 13,58,18,18,22,51,51,57,43,79,65,83,66,73,-48,-8,-66,-69,-68,-58,-74,-58,-83,-74,-71,-67,-71,22,-66,-64,-95,-96,-126,-138,-189,-160,-491,-472,-490,-479,-3302,-2496,-29987,-29988,-29988,-29989,-29994,-29995]} 1. Nf3 f5 2. g3 Nf6 3. Bg2 g6 4. d4 Bg7 5. b4 Nc6 6. c3 {A81: Dutch Defence: 2 g3} d5 7. O-O O-O {LiveBook: 3 Games} 8. a4 {The position is equal.} Kh8 $146 ({Predecessor:} 8... Be6 9. Ba3 h6 10. b5 Na5 11. Ne5 Kh7 12. Bb4 b6 13. Nd2 Ne4 14. Nxe4 fxe4 15. Bxa5 Bxe5 16. dxe5 bxa5 {1-0 (35) Wojtaszek,R (2705)-Wlodarczyk,R (2264) Warsaw 2011}) 9. Qc2 a6 10. Rd1 Be6 11. Nbd2 h6 12. h4 f4 13. Qxg6 (13. gxf4 $16 Bf5 14. Qb3) 13... Qc8 {[#] White must now prevent ...Bf5.} 14. Qc2 ({Better is} 14. gxf4 $11 Bf5 15. Qg3) 14... Bf5 15. Qa2 fxg3 16. fxg3 Bh3 17. Nf1 $1 Ne4 $36 {[%mdl 2048] Black is in control.} 18. Bd2 Bxg2 19. Kxg2 Qg4 ({Black should try} 19... Qf5 $17) 20. Be1 (20. Qxd5 $11 e5 21. Be1) 20... e6 $15 {[%mdl 1024] Black has compensation.} 21. Rd3 Ne7 22. Ne3 Qg6 23. Rad1 (23. Kh2 $17) 23... Rg8 $19 24. c4 $2 {[#]} (24. g4 $17 {is tougher.}) 24... Bf6 {[%cal Re4g3]} 25. Nf1 Nf5 26. Ne5 (26. h5 $142 Qxh5 27. Ne5) 26... Nxh4+ 27. Kh2 Bxe5 {Black mates.} 28. dxe5 Raf8 29. Nd2 Qh5 {Precision: White = 22%, Black = 56%.} 0-1

[Event "BL 2017-18"]
[Site "Germany"]
[Date "2018.04.30"]
[Round "14"]
[White "Weber, Ulrich"]
[Black "Baramidze, David"]
[Result "0-1"]
[WhiteElo "2352"]
[BlackElo "2621"]
[Annotator "TA"]
[PlyCount "68"]
[EventDate "2018.05.24"]
[EventType "team-tourn"]
[EventCountry "GER"]
[SourceTitle "playchess.com"]
[Source "ChessBase"]
[SourceQuality "1"]
[WhiteTeam "SV Hofheim"]
[BlackTeam "Hockenheim"]

{[%evp 15,68,0,0,0,0,-1,0,0,9,0,0,0,0,-12,5,0,0,0,0,-14,-11,-43,-5,-1,63,63,102,100,112,-47,-45,-52,-38,-30,-3,-65,-27,-101,-98,-184,-154,-223,-206,-259,-261,-243,-206,-518,-504,-530,-523,-520,-512,-514,-512]} 1. Nf3 c5 2. g3 g6 3. c3 b6 4. Bg2 Bb7 5. O-O Bg7 6. d4 Nf6 7. Qb3 Qc8 {A49: 1 d4 Nf6 2 Nf3 g6 3 g3: Anti-King's Indian systems} (7... cxd4 8. cxd4 O-O 9. Nc3 Nc6 10. Bg5 h6 11. Bxf6 Bxf6 12. e3 Rc8 13. Rfc1 Na5 14. Qd1 d5 15. Ne5 {½-½ (47) Markus,R (2650)-Indjic,A (2574) Ruma 2017}) 8. dxc5 Qxc5 {LiveBook: 3 Games} 9. Ne5 d5 {The position is equal.} 10. Be3 Qd6 $146 ({Predecessor:} 10... Qc8 11. c4 dxc4 12. Bxb7 Qxb7 13. Qxc4 {½-½ (70) Welling,G (2339)-Barbot,P (2413) Nancy 2014}) 11. Bf4 {Black must now prevent Nxf7.} Qe6 $1 12. Na3 O-O 13. Nb5 {And now Nc7 would win.} Qc8 14. Rac1 a6 15. Nd4 {Threatens to win with c4.} Nfd7 16. Ndf3 $36 {[%mdl 2048] White fights for an advantage.} b5 17. Nd3 Nc6 {aiming for ...e5.} 18. Be3 ({Of course not} 18. Qxd5 Nd4 $17) 18... e5 {...e4 is the strong threat.} 19. Nd2 ({Not} 19. Qxd5 $2 Na5 $19) 19... Qc7 (19... e4 $11 20. Nf4 Na5) 20. Nb4 $1 $14 {[%cal Rb4d5]} Nxb4 21. cxb4 Qd6 22. Bc5 $2 (22. Rfd1 $16) 22... Nxc5 $15 23. bxc5 Qc6 $1 24. Rfd1 Rfd8 25. Nb1 ({Better is} 25. e3 $11) 25... Rac8 26. a3 (26. e3 $11 {keeps the balance.}) 26... e4 $17 27. Qc2 (27. Qa2 $17) 27... d4 $19 28. b4 (28. Rf1 $17) 28... Bh6 29. f4 exf3 30. Bxf3 Qc7 31. c6 $2 (31. Rd3 {is more resistant.}) 31... Bxc1 {Black is clearly winning.} 32. Rxc1 {[#]} d3 $1 33. exd3 {[#]} Bxc6 $1 {[%mdl 512]} 34. Bxc6 (34. Qxc6 Qa7+) 34... Rd6 {Precision: White = 22%, Black = 63%.} 0-1

[Event "BL 2017-18"]
[Site "Germany"]
[Date "2018.04.30"]
[Round "14"]
[White "Buckels, Valentin"]
[Black "Grigorian, Spartak"]
[Result "0-1"]
[WhiteElo "2335"]
[BlackElo "2321"]
[Annotator "NA"]
[PlyCount "70"]
[EventDate "2018.05.24"]
[EventType "team-tourn"]
[EventCountry "GER"]
[SourceTitle "playchess.com"]
[Source "ChessBase"]
[SourceQuality "1"]
[WhiteTeam "Muelheim"]
[BlackTeam "Werder Bremen"]
[TimeControl "40/6000+30:3000+30"]

1. d4 {[%emt 0:00:00]} Nf6 {[%emt 0:00:02]} 2. c4 {[%emt 0:00:00]} e6 {[%emt 0:00:04]} 3. Nf3 {[%emt 0:00:00]} d5 {[%emt 0:00:03]} 4. g3 {[%emt 0:00:00]} dxc4 {[%emt 0:00:07] LiveBook: 6330 Games} 5. Bg2 {[%emt 0:00:00]} a6 {[%emt 0:00:19]} 6. O-O {[%emt 0:00:22]} Nc6 {[%emt 0:00:09]} 7. e3 {[%emt 0:01:05]} Rb8 {[%emt 0:00:07]} 8. Nfd2 {[%emt 0:13:37]} e5 {[%emt 0:00:25]} 9. Bxc6+ {[%emt 0:12:42]} bxc6 {[%emt 0:00:05]} 10. dxe5 {[%emt 0:03:05]} Ng4 {[%emt 0:00:04]} 11. Nxc4 {[%emt 0:01:31]} Be6 {[%emt 0:01:28]} 12. Qc2 {[%emt 0:10:17]} Rb4 {[%emt 0:38:05]} 13. Nbd2 {[%emt 0:06:18]} h5 $14 {[%emt 0:10:14]} 14. f3 {[%emt 0:08:51]} h4 {[%emt 0:02:16]} 15. fxg4 {[%emt 0:32:03]} hxg3 {[%emt 0:00:02]} 16. hxg3 {[%emt 0:01:01]} Bxc4 {[%emt 0:05:54]} 17. Nxc4 {[%emt 0:00:18]} Qd5 {[%emt 0:00:13]} 18. Nd2 {[%emt 0:05:20]} Rxg4 {[%emt 0:05:57]} 19. Qf5 {[%emt 0:06:15]} Rxg3+ {[%emt 0:16:04]} 20. Kf2 {[%emt 0:00:01]} Rh2+ {[%emt 0:05:39]} 21. Ke1 {[%emt 0:00:01]} Kd8 {[%emt 0:03:22]} 22. Qe4 {[%emt 0:05:45]} Rxd2 {[%emt 0:01:24]} 23. Qh4+ {[%emt 0:00:11]} g5 {[%emt 0:02:29]} 24. Qxg3 {[%emt 0:00:09]} Rg2 {[%emt 0:02:30]} 25. Qxg2 {[%emt 0:00:25]} Qxg2 {[%emt 0:00:03]} 26. Bd2 {[%emt 0:00:50]} g4 {[%emt 0:01:01]} 27. Rf2 {[%emt 0:02:01]} Qh3 {[%emt 0:01:48]} 28. Ke2 {[%emt 0:01:04]} g3 {[%emt 0:00:05]} 29. Rf4 {[%emt 0:00:30]} Bh6 {[%emt 0:03:21]} 30. Rd4+ {[%emt 0:00:15]} Kc8 {[%emt 0:00:09]} 31. Be1 {[%emt 0:00:55]} Bxe3 {[%emt 0:05:58]} 32. Rd3 {[%emt 0:00:31]} Bf4 {[%emt 0:01:44]} 33. Rf3 {[%emt 0:00:36]} Qg2+ {[%emt 0:00:54]} 34. Bf2 {[%emt 0:00:12]} gxf2 {[%emt 0:00:13]} 35. Rf1 {[%emt 0:00:23]} Bg3 {[%emt 0:01:26]} 0-1

[Event "BL 2017-18"]
[Site "Germany"]
[Date "2018.04.30"]
[Round "14.1"]
[White "Bacrot, Etienne"]
[Black "Farmani Anosheh, Armin"]
[Result "1-0"]
[WhiteElo "2718"]
[BlackElo "2326"]
[Annotator "TA"]
[PlyCount "143"]
[EventDate "2018.05.24"]
[EventType "team-tourn"]
[EventCountry "GER"]
[SourceTitle "playchess.com"]
[Source "ChessBase"]
[SourceQuality "1"]
[WhiteTeam "Baden-Baden"]
[BlackTeam "Speyer"]

{[%evp 25,143,22,33,32,43,41,55,48,54,55,62,56,56,56,63,62,61,37,40,21,53,20,43,43,43,41,81,81,81,89,89,89,89,89,89,89,117,111,147,71,147,147,153,147,147,147,147,147,147,0,147,147,147,147,147,15,15,15,15,15,14,15,49,25,27,43,44,0,11,17,248,235,238,237,227,137,137,121,420,431,402,354,421,375,728,435,433,333,252,0,518,502,448,437,29966,29967,29966,29967,29963,2305,29969,29970,29969,29970,29970,29970,29970,29972,29972,29973,29964,5065,1939,190,172,167,29981,29982,29982,29983]} 1. Nf3 {[%cal Bg1f3,Bf3d2,Bd2f1,Bf1e3][%mdl 32]} c5 2. e4 Nc6 3. Nc3 e5 4. Bc4 Be7 5. d3 Nf6 6. Nd2 d6 7. Nf1 Bg4 8. f3 Be6 9. Ne3 O-O 10. O-O Nh5 {B30: Sicilian: 2...Nc6 3 Bb5, lines without ...g6} 11. g3 Bg5 12. Ncd5 Bxe3+ 13. Bxe3 Na5 {LiveBook: 4 Games} 14. a4 Nxc4 15. dxc4 {[#]} Bxd5 $146 ({Predecessor:} 15... h6 16. b3 Bxd5 17. Qxd5 Qe7 18. Rad1 {½-½ (26) Oparin,G (2616)-Gelfand,B (2725) Moscow 2016}) 16. Qxd5 Qe7 17. Rfd1 Rad8 18. Ra3 Nf6 19. Qd2 Rd7 20. Rd3 Rfd8 21. a5 h6 22. g4 b6 23. Rb3 bxa5 24. Ra3 Nh7 25. Rxa5 Ng5 26. Bxg5 hxg5 27. b3 g6 28. Ra6 Kg7 29. Kg2 Qf6 30. Rda1 Rh8 31. Rxa7 Rdd8 32. Qe3 (32. Qd3 $142) 32... Rh4 ({Black should play} 32... Qf4 33. Qxf4 gxf4) 33. Ra8 $16 Rhh8 34. Rxd8 Qxd8 {[%mdl 4096] Endgame KQR-KQR} 35. Qd2 Qf6 36. Ra6 Rd8 37. Ra1 ({White should try} 37. Qd1 $16) 37... Qe7 (37... Rh8 $11) 38. Rd1 Qf6 39. h3 Qe7 40. b4 (40. Ra1 $16) 40... cxb4 $11 41. Qxb4 Qc7 42. Rd5 Rc8 43. c5 $36 {[%mdl 2048] Hoping for Qd2. White is pushing.} dxc5 44. Qc3 Kf6 45. Qd2 c4 46. h4 gxh4 47. Qh6 {g5+ is the strong threat.} Ke6 $2 {[#]} (47... Rg8 $1 $11) 48. Qg7 $1 $18 ({Inferior is} 48. Qxh4 Ra8 $11) 48... Rd8 {[#]} 49. g5 $1 {[%csl Gg5][%cal Rg7f6][%mdl 512]} Rxd5 50. Qf6+ Kd7 51. Qxf7+ ({Much worse is} 51. exd5 $6 Kc8 $11) 51... Kd8 $2 {[%mdl 8192]} (51... Kc8 $16 52. Qxd5 c3 53. Qg8+ Kb7 54. Qxg6 Qd7) 52. Qxd5+ {KQ-KQ} Ke7 {Now ...Qd6 and Black clings on.} 53. Kh3 c3 54. Kxh4 Kf8 $2 (54... Qb8 55. Qc5+ Kd7 56. Qxc3 Qa7 57. Qxe5 Qf2+ 58. Qg3 Qxc2 59. Qg4+ Ke7) 55. Kh3 Kg7 56. Kg3 Kh7 57. Qd3 $2 (57. Qe6 $18) 57... Qc5 $2 {[%mdl 8192]} (57... Qa7 $1 $11) 58. Qd7+ Kh8 {intending ...Qg1+.} 59. Kg2 Qd4 (59... Qc4 $18 60. Qe8+ Kh7 61. Qe7+ Kg8) 60. Qe8+ Kg7 61. Qe7+ Kg8 62. Qe6+ Kg7 63. Qf6+ Kh7 64. Qf7+ Kh8 65. Qf8+ Kh7 66. Qh6+ Kg8 67. Qxg6+ Kh8 68. Qh5+ Kg7 69. g6 $2 (69. Kh3 {Strongly threatening Qh6+.} Qd7+ 70. Kg3) 69... Qd2+ 70. Kh3 {aiming for Qh7+.} Qd1 $2 (70... Qc1 $18 71. Qxe5+ Kxg6 72. Qd6+ Kg7 73. Qc7+ Kg6) 71. Kg4 Qd7+ 72. Qf5 {Precision: White = 59%, Black = 39%.} 1-0

[Event "BL 2017-18"]
[Site "Germany"]
[Date "2018.04.30"]
[Round "14.1"]
[White "Braun, Arik"]
[Black "Brendel, Oliver"]
[Result "1-0"]
[WhiteElo "2588"]
[BlackElo "2347"]
[Annotator "TA"]
[PlyCount "73"]
[EventDate "2018.05.24"]
[EventType "team-tourn"]
[EventCountry "GER"]
[SourceTitle "playchess.com"]
[Source "ChessBase"]
[SourceQuality "1"]
[WhiteTeam "Hockenheim"]
[BlackTeam "SV Hofheim"]

{[%evp 16,73,16,23,21,-10,18,7,12,-13,-2,-15,-8,-12,0,-2,6,0,14,0,32,36,38,33,29,13,78,93,91,84,95,72,103,103,91,91,104,95,110,111,115,95,130,133,159,168,185,145,163,143,179,164,172,165,262,247,335,318,834,824]} 1. d4 Nf6 2. c4 g6 3. Nf3 Bg7 4. e3 d6 5. Be2 O-O 6. Nc3 Nbd7 7. O-O e5 8. Qc2 Re8 9. Rd1 c6 {E61: King's Indian: Early deviations for White, including Smyslov System} (9... b6 10. d5 a5 11. Nd2 Nc5 12. b3 e4 13. Bb2 Bf5 14. Nf1 h5 15. Nb5 h4 16. Nd4 Bg4 17. h3 Bxe2 18. Qxe2 {1-0 (68) Michalik,P (2557)-Kovalev,V (2639) Katowice 2017}) 10. b4 a6 $146 ({Predecessor:} 10... Qe7 11. Bb2 a6 12. dxe5 dxe5 13. c5 a5 14. a3 axb4 15. axb4 Rxa1 16. Rxa1 b6 17. Ra7 bxc5 {1-0 (33) Hamitevici,V (2475)-Aghamaliyev,C (2494) Konya 2016}) 11. a4 exd4 {The position is equal.} 12. exd4 Nf8 13. h3 Bf5 14. Qb3 Ne4 15. Be3 Ng3 16. Bd3 Qd7 17. Bf4 Bxd3 18. Bxg3 Be4 {aiming for ...Bxf3.} 19. Nxe4 Rxe4 20. Rac1 d5 (20... Bh6 $11 {keeps the balance.}) 21. cxd5 $16 Qxd5 22. Qxd5 cxd5 23. Rc7 b5 24. axb5 axb5 25. Rc5 Rd8 26. Bh4 Rb8 27. Rxd5 Ne6 28. Bg3 Rb7 29. Kf1 h6 {[#]} 30. Ne5 $1 h5 31. h4 Kh7 32. Rd6 Bf8 33. Rd7 Rxd7 34. Nxd7 Bg7 (34... Be7 {might work better.}) 35. d5 $18 Nd8 36. Bc7 Re7 $2 {[#]} (36... Nb7 37. Nc5 Rc4 38. Nxb7 Rxc7) 37. Nf6+ $1 {[%mdl 512] Precision: White = 67%, Black = 22%.} 1-0

[Event "BL 2017-18"]
[Site "Germany"]
[Date "2018.04.30"]
[Round "14.2"]
[White "Studer, Noel"]
[Black "Kindermann, Stefan"]
[Result "1/2-1/2"]
[WhiteElo "2463"]
[BlackElo "2495"]
[Annotator "TA"]
[PlyCount "131"]
[EventDate "2018.05.24"]
[EventType "team-tourn"]
[EventCountry "GER"]
[SourceTitle "playchess.com"]
[Source "ChessBase"]
[SourceQuality "1"]
[WhiteTeam "Bayern Muenchen"]
[BlackTeam "Zugzwang Muenchen"]

{[%evp 25,131,26,26,23,31,25,36,28,44,45,54,56,64,28,28,28,28,21,44,43,43,32,45,45,66,24,52,47,54,67,46,35,23,0,0,0,-8,-41,11,0,0,0,0,0,26,26,26,26,26,26,32,0,0,0,26,37,32,0,10,10,29,0,20,12,57,85,70,0,0,0,0,0,0,0,8,-205,-223,-178,-109,-209,-8,-8,0,-8,-8,-8,-8,-8,-8,-8,-8,-8,-8,-8,-8,-8,-8,-8,-8,-8,-8,-8,0,0,0,0,0,0]} 1. d4 e6 2. c4 f5 3. g3 Nf6 4. Bg2 d5 5. Nd2 c6 6. Nh3 Bd6 7. Qc2 O-O 8. Nf3 Ne4 9. O-O Nd7 10. Nf4 Qe7 11. Nd3 b6 12. Bf4 {A90: Dutch Defence: Miscellaneous and Modern Stonewall (with ...Bd6)} Bxf4 13. Nxf4 Bb7 {LiveBook: 14 Games} 14. cxd5 {White has an edge.} exd5 {[#]} 15. h4 $146 ({Predecessor:} 15. Rac1 c5 16. dxc5 bxc5 {1-0 (26) Burmakin,V (2560)-Guliev,S (2465) St Petersburg 1998}) 15... c5 16. e3 Rac8 17. Qa4 a6 18. Qa3 Rfe8 19. Rfd1 c4 20. Qxe7 Rxe7 21. h5 b5 22. Nh4 Rf7 23. Bh3 Nd6 24. g4 b4 25. gxf5 Nf6 26. Nf3 a5 27. Ne5 Re7 28. f3 c3 29. bxc3 Rxc3 30. Kf2 {[%cal Bg1f2,Bf2g3,Bg3f4][%mdl 32]} Rc2+ 31. Kg3 Nc4 (31... Bc8 $15) 32. Re1 Nxe5 33. dxe5 Rxe5 {[#]} 34. h6 $1 {[%mdl 512]} gxh6 35. Ne6 {Threatens to win with Kf4.} Rc3 36. Kf4 Rexe3 $1 37. Rxe3 {Threatening mate with Rg1+.} Nh5+ 38. Kg4 Nf6+ 39. Kf4 {White threatens Rg1+ and mate.} Nh5+ 40. Ke5 Rxe3+ 41. Kd4 Rc3 42. Rg1+ Kf7 $1 {...Bc8 is the strong threat.} ({Of course not} 42... Kh8 $6 43. Nd8 $16) 43. Bg4 Nf6 {aiming for ...Rc4+.} 44. Nd8+ Kf8 {Hoping for ...Bc8.} 45. Nxb7 h5 46. Nxa5 ({White should try} 46. Bh3 $14) 46... hxg4 $11 47. fxg4 $14 {[%mdl 4096] Endgame KRN-KRN} h6 48. Rg2 Kf7 49. Ke5 Re3+ 50. Kf4 $2 (50. Kd6 $11) 50... d4 $19 {[%cal Rf6d5]} 51. g5 Nd5+ 52. Kg4 {[#]} hxg5 $2 (52... h5+ $1 $19 {[%mdl 512]} 53. Kh4 (53. Kxh5 Nf4+) 53... Re4+ 54. Kg3 h4+ 55. Kh2 d3) 53. Kxg5 $11 {The position is equal.} d3 54. Nc4 Re2 55. Rg3 d2 56. Rd3 Nc3 57. Nxd2 Rxd2 58. Rxd2 {KR-KN} Ne4+ 59. Kf4 Nxd2 {KN-KPP} 60. Ke3 Nb1 61. Kd4 Nc3 62. Kc4 Nxa2 63. Kb3 Kf6 64. Kxa2 Kxf5 65. Kb3 Ke5 66. Kxb4 {Precision: White = 65%, Black = 49%.} 1/2-1/2

[Event "BL 2017-18"]
[Site "Germany"]
[Date "2018.04.30"]
[Round "14.2"]
[White "Burkart, Patrick"]
[Black "Boguslawski, Oleg"]
[Result "1/2-1/2"]
[WhiteElo "2298"]
[BlackElo "2390"]
[Annotator "TA"]
[PlyCount "41"]
[EventDate "2018.05.24"]
[EventType "team-tourn"]
[EventCountry "GER"]
[SourceTitle "playchess.com"]
[Source "ChessBase"]
[SourceQuality "1"]
[WhiteTeam "SV Hofheim"]
[BlackTeam "Hockenheim"]

{[%evp 18,41,45,16,22,17,29,33,25,20,34,20,34,23,16,15,20,0,0,-25,0,-11,0,-11,0,-6]} 1. d4 Nf6 2. Nf3 e6 3. c4 Bb4+ 4. Nbd2 O-O 5. e3 b6 6. Bd3 Bb7 7. O-O d5 8. a3 Be7 9. b4 Nbd7 10. Qc2 {LiveBook: 3 Games. E14: Queen's Indian: Classical Variation (4 e3)} (10. c5 bxc5 11. bxc5 Bc6 12. Qc2 Rb8 13. a4 Rb4 14. Bb2 Qa8 15. Bc3 Rbb8 16. Nb3 Ne4 17. Na5 Nxc3 18. Qxc3 {½-½ (42) Grachev,B (2661)-Fedoseev,V (2662) Vladivostok 2014}) 10... dxc4 11. Nxc4 c5 12. dxc5 {White has an edge.} bxc5 13. b5 a6 14. bxa6 Bxa6 $146 ({Predecessor:} 14... Rxa6 15. e4 h6 16. Rb1 Qa8 17. Re1 {½-½ (59) Santos,A (2287)-Andrade,J Amadora 2010}) 15. Rd1 Qc7 16. Bb2 h6 17. Rac1 Rfd8 18. Qc3 Bf8 19. Bb1 {The position is equal.} Bb7 20. Qc2 {[#] And now Rxd7! would win.} Be4 21. Qe2 {Precision: White = 31%, Black = 54%.} 1/2-1/2